[Event "ROM-ch U16"]
[Site "Calimanesti Caciulata"]
[Date "2016.04.25"]
[Round "9"]
[White "Ionita, Angel"]
[Black "Petrusan, George Cristian"]
[Result "1-0"]
[WhiteElo "1594"]
[BlackElo "1354"]
[PlyCount "68"]
[EventDate "2016.04.18"]
[EventType "swiss"]
[EventRounds "9"]
[EventCountry "ROU"]
[SourceTitle "EXT 2017"]
[Source "ChessBase"]
[SourceDate "2016.10.25"]
[SourceVersion "1"]
[SourceVersionDate "2016.10.25"]
[SourceQuality "1"]

1. e4 c6 2. d4 g6 3. Nf3 Bg7 4. Nc3 d5 5. exd5 cxd5 6. Be2 Nf6 7. 0-0 0-0 8. h3 Bf5 9. Bf4 a6 10. Re1 Nc6 11. a3 b5 12. Bd3 Bxd3 13. Qxd3 e6 14. Ne5 Nxe5 15. Bxe5 Nd7 16. Bxg7 Kxg7 17. a4 b4 18. Ne2 a5 19. Nf4 Nb6 20. b3 Qc7 21. Rxe6 Qxf4 22. Rxb6 Qc7 23. Rb5 Rfd8 24. Rc5 Qd6 25. c3 Rdc8 26. cxb4 axb4 27. Rac1 Rxc5 28. dxc5 Qc6 29. Qd4+ Kg8 30. Rd1 Rd8 31. Qxb4 Qc7 32. Qb6 Qd7 33. c6 Qd6 34. a5 Rb8 1-0

[Event "ROM-ch U14"]
[Site "Calimanesti"]
[Date "2015.04.06"]
[Round "9"]
[White "Ionita, Angel"]
[Black "Stefan, Mihai"]
[Result "0-1"]
[WhiteElo "1516"]
[BlackElo "1806"]
[PlyCount "58"]
[EventDate "2015.03.30"]
[EventType "swiss"]
[EventRounds "9"]
[EventCountry "ROU"]
[SourceTitle "EXT 2016"]
[Source "ChessBase"]
[SourceDate "2015.10.08"]
[SourceVersion "1"]
[SourceVersionDate "2015.10.08"]
[SourceQuality "1"]

1. e4 e5 2. Nf3 Nc6 3. Bc4 Bc5 4. c3 Nf6 5. d4 exd4 6. cxd4 Bb4+ 7. Bd2 Nxe4 8. Bxb4 Nxb4 9. Bxf7+ Kxf7 10. Qb3+ d5 11. Qxb4 Rf8 12. 0-0 Kg8 13. Nc3 c5 14. dxc5 Rxf3 15. Nxe4 Rf4 16. Rfd1 Qe7 17. Qb3 Qxe4 18. Qxd5+ Qxd5 19. Rxd5 Be6 20. Rd6 Kf7 21. g3 Rc4 22. Re1 Re8 23. Re5 Bh3 24. f4 Rxe5 25. fxe5 Rxc5 26. Kf2 Rc2+ 27. Kf3 Be6 28. a3 Rxb2 29. Rd3 Rb3 0-1

[Event "ROM-ch U14"]
[Site "Calimanesti"]
[Date "2015.04.04"]
[Round "7"]
[White "Ionita, Angel"]
[Black "David, Cristian"]
[Result "1-0"]
[WhiteElo "1516"]
[BlackElo "1681"]
[PlyCount "77"]
[EventDate "2015.03.30"]
[EventType "swiss"]
[EventRounds "9"]
[EventCountry "ROU"]
[SourceTitle "CBM 165 Extra"]
[Source "ChessBase"]
[SourceDate "2015.04.21"]
[SourceVersion "1"]
[SourceVersionDate "2015.04.21"]
[SourceQuality "1"]

1. e4 e6 2. d4 d5 3. exd5 exd5 4. Nf3 Nc6 5. Be2 Bd6 6. Nc3 Nge7 7. 0-0 Bf5 8. a3 Qd7 9. Be3 f6 10. Nb5 g5 11. Nxd6+ Qxd6 12. c4 h5 13. c5 Qd7 14. Nxg5 Bg6 15. Nh3 0-0-0 16. Nf4 Rdg8 17. b4 h4 18. b5 Nd8 19. Qa4 a6 20. c6 Qd6 21. cxb7+ Kxb7 22. bxa6+ Ka8 23. Qb4 Qd7 24. Rab1 Bxb1 25. Rxb1 Nec6 26. Qc5 Ne6 27. Nxe6 Qxe6 28. Rc1 Ne7 29. Qxc7 Rb8 30. Qf4 Ng6 31. Qg4 f5 32. Qf3 Rhe8 33. Bd3 Rf8 34. a4 Rb3 35. Bc4 Rxe3 36. Bxd5+ Ka7 37. fxe3 Qxa6 38. Qf1 Qd6 39. Qb5 1-0

[Event "ROM-ch U14"]
[Site "Calimanesti"]
[Date "2015.04.03"]
[Round "6"]
[White "Axin, Andrei"]
[Black "Ionita, Angel"]
[Result "1/2-1/2"]
[WhiteElo "1687"]
[BlackElo "1516"]
[PlyCount "39"]
[EventDate "2015.03.30"]
[EventType "swiss"]
[EventRounds "9"]
[EventCountry "ROU"]
[SourceTitle "CBM 165 Extra"]
[Source "ChessBase"]
[SourceDate "2015.04.21"]
[SourceVersion "1"]
[SourceVersionDate "2015.04.21"]
[SourceQuality "1"]

1. e4 e5 2. Nf3 Nc6 3. Bc4 Bc5 4. Nc3 Nf6 5. d3 h6 6. Be3 Bb6 7. 0-0 d6 8. h3 0-0 9. Qd2 Be6 10. Bb3 d5 11. exd5 Nxd5 12. Nxd5 Bxd5 13. Bxd5 Qxd5 14. Bxb6 axb6 15. a3 Nd4 16. Nxd4 Qxd4 17. Rab1 e4 18. Qe3 Qxe3 19. fxe3 exd3 20. cxd3 1/2-1/2

[Event "ROM-ch U14"]
[Site "Calimanesti"]
[Date "2015.04.02"]
[Round "5"]
[White "Ionita, Angel"]
[Black "Albu, George"]
[Result "0-1"]
[WhiteElo "1516"]
[BlackElo "1764"]
[PlyCount "67"]
[EventDate "2015.03.30"]
[EventType "swiss"]
[EventRounds "9"]
[EventCountry "ROU"]
[SourceTitle "CBM 165 Extra"]
[Source "ChessBase"]
[SourceDate "2015.04.21"]
[SourceVersion "1"]
[SourceVersionDate "2015.04.21"]
[SourceQuality "1"]

1. e4 c5 2. c3 Qa5 3. Nf3 Nc6 4. Be2 d6 5. 0-0 Nf6 6. d3 e5 7. h3 Be7 8. Na3 0-0 9. Nc4 Qc7 10. Nh2 Be6 11. Ne3 Rfe8 12. Neg4 Nd7 13. c4 Nd4 14. f4 f5 15. Ne3 fxe4 16. dxe4 exf4 17. Rxf4 Bg5 18. Rf1 Nf6 19. Bd3 Bxe3+ 20. Bxe3 Qc6 21. Bxd4 cxd4 22. Qc2 h6 23. Nf3 Rac8 24. b3 b5 25. Rac1 bxc4 26. bxc4 Qc5 27. Qf2 Nd7 28. Nxd4 Ne5 29. Nxe6 Qxf2+ 30. Rxf2 Nxd3 31. Rcc2 Nxf2 32. Kxf2 Rxe6 33. Kf3 Re5 34. Rd2 0-1

[Event "ROM-ch U12"]
[Site "Calimanesti"]
[Date "2013.04.05"]
[Round "5"]
[White "Padurean, Daniel Cristian"]
[Black "Ionita, Angel"]
[Result "1-0"]
[WhiteElo "1616"]
[BlackElo "1408"]
[PlyCount "125"]
[EventDate "2013.04.02"]
[EventType "swiss"]
[EventRounds "9"]
[EventCountry "ROU"]
[SourceTitle "CBM 153 Extra"]
[Source "ChessBase"]
[SourceDate "2013.04.22"]
[SourceVersion "1"]
[SourceVersionDate "2013.04.22"]
[SourceQuality "1"]

1. e4 e5 2. Nf3 Nc6 3. Nc3 Nf6 4. a3 d6 5. d4 exd4 6. Nxd4 Bd7 7. Bc4 Be7 8. 0-0 Ne5 9. Bb3 0-0 10. f3 h6 11. Be3 Kh8 12. Qd2 Nh7 13. Rad1 a6 14. Nd5 Ng6 15. Qc3 Rc8 16. Nxe7 Nxe7 17. Bxh6 f6 18. Be3 Ng6 19. Be6 Qe7 20. Bxd7 Qxd7 21. Nf5 Qf7 22. Qd4 Ne7 23. Nxe7 Qxe7 24. Qd5 b6 25. Qf5 Qe5 26. Qxe5 fxe5 27. c4 Nf6 28. b4 b5 29. c5 dxc5 30. Bxc5 Rfe8 31. h4 Nh5 32. Kf2 Rcd8 33. g4 Nf4 34. Be3 Nd3+ 35. Ke2 Nb2 36. Rb1 Nc4 37. Rb3 Rd7 38. Rd1 Red8 39. Rxd7 Rxd7 40. Bc1 c6 41. Rd3 Rxd3 42. Kxd3 g6 43. a4 Kg7 44. axb5 cxb5 45. f4 Kf6 46. f5 gxf5 47. exf5 Nd6 48. Bg5+ Kg7 49. Be7 Nc4 50. Ke4 Kf7 51. Bd8 Kg7 52. g5 Nd2+ 53. Kd3 Nf3 54. h5 Nd4 55. f6+ Kf7 56. g6+ Kg8 57. Be7 Ne6 58. Ke4 Nf8 59. Bxf8 Kxf8 60. Kxe5 Kg8 61. h6 Kh8 62. f7 a5 63. f8Q# 1-0

[Event "ROM-ch U12"]
[Site "Calimanesti"]
[Date "2013.04.04"]
[Round "4"]
[White "Ionita, Angel"]
[Black "Chioran, Andrei Ovidiu"]
[Result "1/2-1/2"]
[WhiteElo "1408"]
[BlackElo "1611"]
[PlyCount "62"]
[EventDate "2013.04.02"]
[EventType "swiss"]
[EventRounds "9"]
[EventCountry "ROU"]
[SourceTitle "CBM 153 Extra"]
[Source "ChessBase"]
[SourceDate "2013.04.22"]
[SourceVersion "1"]
[SourceVersionDate "2013.04.22"]
[SourceQuality "1"]

1. e4 c5 2. Nf3 e6 3. d4 cxd4 4. Nxd4 Nf6 5. Nc3 a6 6. Bd3 Qc7 7. a3 b5 8. 0-0 Bb7 9. Be3 Be7 10. f4 d6 11. f5 e5 12. Nb3 Nbd7 13. h3 Rc8 14. Nd2 Nc5 15. Qe2 0-0 16. Bg5 Nfxe4 17. Ncxe4 Nxe4 18. Nxe4 Bxe4 19. Qxe4 Bxg5 20. f6 g6 21. Qg4 Be3+ 22. Kh1 Rfe8 23. Rae1 Bh6 24. Qg3 Qb7 25. Be4 d5 26. Bf5 Rc7 27. c3 a5 28. h4 b4 29. axb4 axb4 30. cxb4 Qxb4 31. Re2 Rc4 1/2-1/2

[Event "ROM-ch U12"]
[Site "Calimanesti"]
[Date "2013.04.02"]
[Round "1"]
[White "Ionita, Angel"]
[Black "Cotruta, Alexandru Mihai"]
[Result "0-1"]
[WhiteElo "1408"]
[BlackElo "1650"]
[PlyCount "45"]
[EventDate "2013.04.02"]
[EventType "swiss"]
[EventRounds "9"]
[EventCountry "ROU"]
[SourceTitle "CBM 153 Extra"]
[Source "ChessBase"]
[SourceDate "2013.04.22"]
[SourceVersion "1"]
[SourceVersionDate "2013.04.22"]
[SourceQuality "1"]

1. e4 c5 2. Nf3 e6 3. d4 cxd4 4. Nxd4 a6 5. a3 Nf6 6. Nc3 Qc7 7. h3 b5 8. Bd3 Bb7 9. 0-0 Be7 10. Re1 d6 11. Qe2 Nbd7 12. Bd2 Rc8 13. Rac1 0-0 14. Bf4 Nc5 15. e5 dxe5 16. Bxe5 Qd7 17. b4 Nxd3 18. cxd3 Nd5 19. Nxd5 Bxd5 20. Bg3 Rfe8 21. Rxc8 Qxc8 22. Nc2 e5 23. Rc1 0-1